Statistics for Countries of the Soviet Union (USSR) - Map

Click here to take the quiz!

General Stats

  • This quiz has been taken 1,997 times
    (594 since last reset)
  • The average score is 15 of 15

Answers on the Map

Answers color-coded by a green-red scale on the quiz's map according to % correct below.
Loading ...
 

Answer Stats

Country% Correct
Russia
100%
Kazakhstan
99%
Ukraine
99%
Belarus
98%
Estonia
98%
Latvia
98%
Lithuania
97%
Turkmenistan
97%
Uzbekistan
97%
Armenia
96%
Azerbaijan
96%
Georgia
96%
Moldova
95%
Tajikistan
94%
Kyrgyzstan
93%

Score Distribution

Percentile by Number Answered

Percent of People with Each Score

Your Score History

You have not taken this quiz since the last reset